00747nam a22001457a 4500003000900000005001700009008004100026040001300067100003100080245006900111250000600180260003800186300001800224520035900242IT-RoPau20220918181102.0130321b xxu||||| |||| 00| 0 eng d cIT-RoPau aCapitolo Generale Speciale aCostituzioni e Direttorio della SSPbad experimentum, 16/04/1975 aI aTor San Lorenzo (Roma)bSSPc1975 a88 pp.c28 cm aIndice Costituzioni e Direttorio Premessa I. La Comunità€ Paolina II. La comunità€ di preghiera III. Lo spirito paolino IV. La nostra consacrazione religiosa V. La vita apostolica VI. La formazione del paolino VII. Governo della Congregazione e amministrazione dei beni Conclusione Costituzione e Direttorio Indice analitico delle 220 schede pervenute